| 000 | 00517nam a2200181 a 4500 | ||
|---|---|---|---|
| 001 | 3253 | ||
| 005 | 20140414131926.0 | ||
| 008 | 060215s19uu xx 00 eng d | ||
| 020 | _a0-7214-1549-0 | ||
| 050 |
_aER _bW63 1993 |
||
| 245 |
_aWizard of Oz (The) / _cillustrated by Angus McBride. |
||
| 260 |
_aLeicesterashire, UK : _bLadybird Bookd, _c1993. |
||
| 300 | _a1 v., p. : ill. ; cm. | ||
| 440 | _aFavourite tales | ||
| 500 | _abased on the story of L. Frank Baum | ||
| 650 | _aFolktales. | ||
| 999 |
_c111994 _d111994 |
||